[Event "Bekasi Scua op 2nd"]
[Site "Bekasi"]
[Date "2022.04.15"]
[Round "5"]
[White "Surya, Cleon Amadeus"]
[Black "Rismanto, Ricky"]
[Result "0-1"]
[WhiteElo "1629"]
[BlackElo "2049"]
[PlyCount "176"]
[EventDate "2022.04.13"]
[EventType "swiss"]
[EventRounds "9"]
[EventCountry "INA"]
[SourceTitle "EXT 2023"]
[Source "ChessBase"]
[SourceDate "2022.10.05"]
[SourceVersion "1"]
[SourceVersionDate "2022.10.05"]
[SourceQuality "1"]

1. d4 Nf6 2. Bf4 e6 3. e3 Bd6 4. Bxd6 cxd6 5. Nf3 b6 6. Bd3 Bb7 7. 0-0 d5 8. c4 dxc4 9. Bxc4 0-0 10. Nc3 Nc6 11. Qe2 d5 12. Ba6 Qc8 13. Bxb7 Qxb7 14. Rac1 Rfc8 15. Rfd1 Rab8 16. b3 h6 17. h3 b5 18. Ne1 a6 19. Nd3 Nd7 20. Qb2 Ne7 21. Ne2 b4 22. Rxc8+ Rxc8 23. Rc1 Qb5 24. Rxc8+ Nxc8 25. Qc2 Nd6 26. Ng3 Qb7 27. f3 a5 28. Kf2 g6 29. Ne2 Kg7 30. Nec1 Nf5 31. Nc5 Nxc5 32. Qxc5 Qb8 33. Ne2 Qh2 34. Qc1 g5 35. Qg1 Qb8 36. Qa1 Qb5 37. Qd1 Qb6 38. Qd3 Qc7 39. Qb1 h5 40. Qc1 Qd8 41. Ng3 Qd6 42. Nxf5+ exf5 43. Qc5 Qxc5 44. dxc5 Kf6 45. g3 Ke6 46. Ke2 Kd7 47. Kd3 Kc6 48. Kd4 g4 49. fxg4 fxg4 50. h4 f6 51. e4 dxe4 52. Kxe4 Kxc5 53. Kf5 Kd4 54. Kg6 Ke4 55. Kxh5 Kf3 56. Kg6 Kxg3 57. h5 Kf4 58. h6 g3 59. h7 g2 60. h8Q g1Q+ 61. Kf7 Qg5 62. Qh2+ Ke4 63. Qe2+ Qe3 64. Qc4+ Qd4 65. Qe2+ Kd5 66. Qb5+ Qc5 67. Qd7+ Qd6 68. Qb5+ Ke4 69. Qe2+ Kd4 70. Qc4+ Ke3 71. Qc1+ Ke2 72. Qc2+ Qd2 73. Qe4+ Kf2 74. Qf5+ Ke1 75. Qe4+ Qe2 76. Qb1+ Kd2 77. Qb2+ Kd3 78. Qb1+ Kd4 79. Qa1+ Kd5 80. Qh1+ Kd6 81. Qa1 Qh5+ 82. Kg7 Qg5+ 83. Kf7 Qe5 84. Qf1 f5 85. Qa6+ Kd7 86. Qd3+ Kc7 87. Qc4+ Kb7 88. Qc2 Qc7+ 0-1

[Event "World Cup U14 KO"]
[Site "Tornelo INT"]
[Date "2021.08.26"]
[Round "1.2"]
[White "Shahil, Dey"]
[Black "Surya, Cleon Amadeus"]
[Result "1-0"]
[WhiteElo "2414"]
[BlackElo "1629"]
[PlyCount "133"]
[EventDate "2021.08.26"]
[EventType "k.o. (rapid)"]
[EventRounds "4"]
[EventCountry "NET"]
[SourceTitle "CBM 204 Extra"]
[Source "ChessBase"]
[SourceDate "2021.11.30"]
[SourceVersion "1"]
[SourceVersionDate "2021.11.30"]
[SourceQuality "1"]

1. e4 d5 2. exd5 Nf6 3. d4 Nxd5 4. c4 Nb6 5. Nc3 e5 6. Be3 exd4 7. Qxd4 Qxd4 8. Bxd4 Nc6 9. Nf3 Bg4 10. 0-0-0 0-0-0 11. Bxb6 Rxd1+ 12. Nxd1 axb6 13. Ne3 Bxf3 14. gxf3 Bc5 15. Bh3+ Kb8 16. Re1 Ne5 17. Rd1 Nxf3 18. Rd7 Ne5 19. Rd5 Bxe3+ 20. fxe3 Nxc4 21. Rd7 Nd6 22. Kd2 Re8 23. Kd3 Re5 24. Rd8+ Ka7 25. Rd7 Rd5+ 26. Kc2 Rc5+ 27. Kb3 b5 28. Re7 Kb6 29. Bg4 Rg5 30. Bf3 Rg6 31. Bd5 Rf6 32. Kc3 c6 33. Bb3 Nf5 34. Re5 g6 35. e4 Nh4 36. Re7 Rf3+ 37. Kd2 Rf2+ 38. Ke3 Rxh2 39. Rxf7 Rh3+ 40. Kf2 g5 41. Rg7 Rh2+ 42. Ke3 Rxb2 43. Rxg5 Ng2+ 44. Kf3 Ne1+ 45. Ke3 Nc2+ 46. Kd3 Ne1+ 47. Ke3 Rg2 48. Rh5 Rg7 49. e5 Ng2+ 50. Ke4 c5 51. Rh6+ Kc7 52. Rf6 c4 53. Bd1 Nh4 54. Bh5 Re7 55. Kd5 Ng2 56. e6 Ne3+ 57. Kd4 Nc2+ 58. Kc5 Ne3 59. Kd4 Nd1 60. Bxd1 Kd6 61. Bg4 h5 62. Bh3 Rg7 63. Rf5 Rg3 64. Rd5+ Kc6 65. e7 Rd3+ 66. Ke4 Rxd5 67. e8Q+ 1-0

[Event "World Cup U14 KO"]
[Site "Tornelo INT"]
[Date "2021.08.26"]
[Round "1.1"]
[White "Surya, Cleon Amadeus"]
[Black "Shahil, Dey"]
[Result "0-1"]
[WhiteElo "1629"]
[BlackElo "2414"]
[PlyCount "96"]
[EventDate "2021.08.26"]
[EventType "k.o. (rapid)"]
[EventRounds "4"]
[EventCountry "NET"]
[SourceTitle "CBM 204 Extra"]
[Source "ChessBase"]
[SourceDate "2021.11.30"]
[SourceVersion "1"]
[SourceVersionDate "2021.11.30"]
[SourceQuality "1"]

1. d4 Nf6 2. Bf4 d5 3. e3 c5 4. Nd2 Nc6 5. Ngf3 e6 6. c3 cxd4 7. exd4 Nh5 8. Be3 Bd6 9. Ne5 g6 10. Nd3 0-0 11. g3 Ng7 12. Bg2 b6 13. Bh6 Ba6 14. Nf3 Re8 15. Bxg7 Kxg7 16. Nfe5 Qc7 17. f4 f6 18. Nxc6 Qxc6 19. 0-0 Qb5 20. Rf3 Rad8 21. Bf1 Qd7 22. a4 Bb7 23. Re3 h5 24. Bh3 Qf7 25. Qe2 Ba6 26. a5 Bxd3 27. Qxd3 bxa5 28. Rxa5 h4 29. Qa6 hxg3 30. hxg3 Re7 31. Qc6 f5 32. Qa4 Rb8 33. b4 Rc8 34. Bf1 Bb8 35. Ba6 Rh8 36. Qc6 g5 37. fxg5 Qh5 38. Kf2 Qh1 39. Bf1 Rh2+ 40. Ke1 Qg1 41. Re2 Bxg3+ 42. Kd2 Qxf1 43. Rxh2 Bxh2 44. b5 Rc7 45. Qxe6 Bf4+ 46. Kc2 Qc1+ 47. Kb3 Rxc3+ 48. Ka2 Rc2+ 0-1

[Event "Kaspersky op U16"]
[Site "Tornelo INT"]
[Date "2021.04.02"]
[Round "3"]
[White "Sreekarthika, Velmurugan"]
[Black "Surya, Cleon Amadeus"]
[Result "0-1"]
[WhiteElo "1031"]
[BlackElo "1629"]
[PlyCount "52"]
[EventDate "2021.04.02"]
[EventType "swiss (blitz)"]
[EventRounds "11"]
[EventCountry "RUS"]
[SourceTitle "CBM 201 Extra"]
[Source "ChessBase"]
[SourceDate "2021.05.31"]
[SourceVersion "1"]
[SourceVersionDate "2021.05.31"]
[SourceQuality "1"]

1. e4 e5 2. Bc4 Nf6 3. d4 exd4 4. Nf3 Nc6 5. e5 d5 6. Bb5 Ne4 7. Nxd4 Bd7 8. Bxc6 bxc6 9. 0-0 Bc5 10. f3 Ng5 11. f4 Ne4 12. Be3 Bb6 13. Nd2 c5 14. N4f3 Bf5 15. c3 0-0 16. Qe1 c6 17. Nxe4 Bxe4 18. Qg3 d4 19. cxd4 cxd4 20. Rad1 Bxf3 21. Rxf3 dxe3 22. Rxd8 e2+ 23. Kh1 Raxd8 24. Qe1 Rd1 25. Rf1 exf1Q+ 26. Qxf1 Rxf1# 0-1

[Event "Wch FIDE Online U14 Asia qual"]
[Site "Tornelo INT"]
[Date "2020.12.13"]
[Round "6"]
[White "Surya, Cleon Amadeus"]
[Black "Kassar, Bashar"]
[Result "1-0"]
[WhiteElo "1629"]
[BlackElo "1379"]
[PlyCount "99"]
[EventDate "2020.12.11"]
[EventType "swiss (rapid)"]
[EventRounds "7"]
[EventCountry "ISS"]
[SourceTitle "EXT 2022"]
[Source "ChessBase"]
[SourceDate "2021.10.06"]
[SourceVersion "1"]
[SourceVersionDate "2021.10.06"]
[SourceQuality "1"]

1. d4 Nf6 2. Bf4 e6 3. e3 c5 4. Nd2 d5 5. Ngf3 Nc6 6. c3 Bd6 7. Bg3 0-0 8. Ne5 Qc7 9. Nxc6 bxc6 10. dxc5 Bxg3 11. hxg3 e5 12. Be2 Bf5 13. b4 a5 14. Qb3 Rfb8 15. a3 Nd7 16. Qd1 Nf6 17. g4 Bg6 18. g5 Ne4 19. Nxe4 Bxe4 20. 0-0 Qe7 21. f4 exf4 22. exf4 Re8 23. Bd3 Bxd3 24. Qxd3 Qe3+ 25. Qxe3 Rxe3 26. Rf3 Re4 27. Rb1 g6 28. b5 Rc4 29. bxc6 Rxc5 30. Rb7 Rxc6 31. Rd7 Rc5 32. f5 gxf5 33. Rxf5 Rxc3 34. Rfxf7 Rxa3 35. Rg7+ Kh8 36. Rxh7+ Kg8 37. Rdg7+ Kf8 38. Rg6 Rg3 39. Rh8+ Kf7 40. Rf6+ Kg7 41. Rxa8 Rxg5 42. Rfa6 d4 43. Rxa5 Kf6 44. R8a6+ Ke7 45. Rxg5 d3 46. Rd5 d2 47. Rxd2 Kf7 48. Rb2 Ke7 49. Rb7+ Kd8 50. Ra8# 1-0

[Event "Wch FIDE Online U14 Asia qual"]
[Site "Tornelo INT"]
[Date "2020.12.12"]
[Round "5"]
[White "Bai, Adelard"]
[Black "Surya, Cleon Amadeus"]
[Result "1-0"]
[WhiteElo "2399"]
[BlackElo "1629"]
[PlyCount "81"]
[EventDate "2020.12.11"]
[EventType "swiss (rapid)"]
[EventRounds "7"]
[EventCountry "ISS"]
[SourceTitle "EXT 2022"]
[Source "ChessBase"]
[SourceDate "2021.10.06"]
[SourceVersion "1"]
[SourceVersionDate "2021.10.06"]
[SourceQuality "1"]

1. d4 d5 2. c4 Nc6 3. cxd5 Qxd5 4. e3 e5 5. Nc3 Bb4 6. a3 Bxc3+ 7. bxc3 exd4 8. cxd4 Nf6 9. Nf3 Bg4 10. Be2 0-0 11. h3 Bf5 12. 0-0 Rfe8 13. Bb2 Rad8 14. Rc1 Ne4 15. Bc4 Qd7 16. Qe2 a6 17. Rfd1 Na5 18. Ba2 Qb5 19. Qxb5 axb5 20. Rxc7 Be6 21. Bxe6 Rxe6 22. d5 Nc4 23. Rd4 Ree8 24. Bc1 Nc3 25. Kf1 Rxd5 26. Rxd5 Nxd5 27. Rxb7 Nc3 28. Ke1 Rd8 29. Nd4 Na2 30. Bd2 Nxa3 31. Nxb5 Nc4 32. Nd4 g6 33. Rb3 h5 34. Ke2 Kg7 35. Rb7 Kg8 36. Rb3 Kg7 37. g4 hxg4 38. hxg4 Nxd2 39. Kxd2 Ra8 40. g5 Ra4 41. Rb7 1-0

[Event "Wch FIDE Online U14 Asia qual"]
[Site "Tornelo INT"]
[Date "2020.12.12"]
[Round "3"]
[White "Otgonbayar, Bat Erdene"]
[Black "Surya, Cleon Amadeus"]
[Result "0-1"]
[WhiteElo "1411"]
[BlackElo "1629"]
[PlyCount "42"]
[EventDate "2020.12.11"]
[EventType "swiss (rapid)"]
[EventRounds "7"]
[EventCountry "ISS"]
[SourceTitle "EXT 2022"]
[Source "ChessBase"]
[SourceDate "2021.10.06"]
[SourceVersion "1"]
[SourceVersionDate "2021.10.06"]
[SourceQuality "1"]

1. d4 d5 2. Bf4 Nc6 3. e3 Nf6 4. c3 Bg4 5. Qb3 Qd7 6. Nd2 e6 7. Ngf3 Bd6 8. Ne5 Bxe5 9. dxe5 Ne4 10. Nxe4 dxe4 11. Bb5 0-0-0 12. 0-0 a6 13. Bxc6 Qxc6 14. h3 Bh5 15. a4 Rd3 16. g4 Bg6 17. Rfd1 Rhd8 18. Rxd3 exd3 19. Rd1 Qf3 20. Bg3 Be4 21. Kf1 Qh1# 0-1